|
|
|
|
| LEADER |
00000cam a2200000 a 4500 |
| 001 |
vtls008324271 |
| 003 |
SK-MaSNL |
| 005 |
20260301140921.0 |
| 008 |
240509s1971 xo od frn 001 0 slo |
| 015 |
|
|
|a SNBA1971/08-02076
|
| 020 |
|
|
|q (viazané)
|
| 035 |
|
|
|a SK01SNK19710016488
|
| 035 |
|
|
|a SKM000018951
|
| 040 |
|
|
|a SNK
|b slo
|c SNK
|e AACR2
|
| 041 |
0 |
|
|a slo
|
| 044 |
|
|
|a xo
|c SK
|
| 072 |
|
7 |
|a 791
|x Film. Cirkus. Ľudová zábava
|2 konspekt
|
| 080 |
|
|
|a 791.2
|2 2011
|
| 080 |
|
|
|a 791.32.01:111.852
|2 2001
|
| 080 |
|
|
|a (048.8)
|2 2011
|
| 100 |
1 |
|
|a Stadtrucker, Ivan,
|d 1935-2017
|4 aut
|9 14473
|
| 245 |
1 |
0 |
|a Krása tmy
|b príspevok k estetike filmového umeleckého diela
|c Ivan Stadtrucker
|
| 250 |
|
|
|a 1. vyd.
|
| 260 |
|
|
|a Bratislava
|b Tatran
|c 1971
|
| 300 |
|
|
|a 188 strán, [36] nečíslovaných strán obrazových príloh
|b fotografie, grafy
|c 21 cm
|
| 366 |
|
|
|e 1000 kusov
|
| 504 |
|
|
|a Obsahuje bibliografiu. Register filmov
|
| 650 |
0 |
7 |
|a filmy
|2 SNKPH
|9 3250
|
| 650 |
0 |
7 |
|a filmová estetika
|2 SNKPH
|9 3402
|
| 655 |
|
7 |
|a monografie
|2 SNKPH
|9 70139
|
| 852 |
|
|
|a Slovenská národná knižnica
|
| 954 |
|
|
|a odborná, vedecká literatúra pôvodná (slovenská)
|2 lita
|
| 958 |
|
|
|a EUIPO
|
| 958 |
|
|
|a RK
|
| 958 |
|
|
|a TL
|
| 958 |
|
|
|a NB
|
| 958 |
|
|
|a OND
|
| 999 |
|
|
|c 765433
|d 767363
|
| 952 |
|
|
|t P60, <04>, [BOOK], {604}
|a SNK
|b SNK
|y VYP
|7 0
|p 17A0173792
|o snkSC 27798 D1
|0 0
|1 0
|4 0
|d 1998-12-11
|l 0
|r 2005-01-02 00:00:00
|w 2026-02-24
|
| 952 |
|
|
|a SNK
|b SNK
|y PREZ
|7 0
|p 17A0178991
|o snkSC 27798
|0 0
|1 0
|4 0
|d 1999-01-29
|l 0
|r 2025-09-11 00:00:00
|w 2026-02-24
|